00268nam a2200121Ia 45000030006000000080041000060400015000471000010000622450036000722600009001085460012001170050017001290STCL150530s9999 xx 000 0 und d aSTCLcSTCL aSwift aTale of a tub and other satires c1975 aEnglish20220125171046.0